000 00684nam a2200277Ia 4500
005 20260324112306.0
008 008 260324s9999 xx 000 0 eng d
020 _a9781003376804
037 _aEBOOK
040 _aCRL
040 _beng
040 _cCRL
041 _2eng
041 _aeng
084 _qCRL
100 _aCharli Butterfield
_91142089
245 0 _aMade Up: A History of Identity and Gender Expression Through Makeup and Style
260 _bTaylor and Francis
260 _c2024
365 _a
365 _b220
856 _uhttp://www.taylorfrancis.com/books/9781003376804
942 _cEBOOK
999 _c1731239
_d1731239